000 01637cam a2200337 i 4500
001 zz2006920176
003 NUKAT
005 20260320211257.0
008 060108s1945 pl |000 0 pol c
035 _a(OCoLC)750018029
035 _a(NUKAT)zz2006920176
040 _aGD U/MZ
_bpol
_erda
_cGD U/MZ
_dGD U/JDs
_dKR PAU/AD
_dOLSZT 008/AL
245 0 0 _aSkorowidz gmin Śląska Dolnego i Opolskiego z niemieckimi i polskimi nazwami miejscowości /
_cWydawnictwa Instytutu Śląskiego.
250 _aWedług stanu z dnia 1 stycznia 1941.
260 _aKatowice :
_bWydawnictwa Instytutu Śląskiego,
_c1945
_e(Katowice :
_fKsięgarnia i Drukarnia Katolicka).
300 _a50 stron ;
_c21 cm.
336 _aTekst
_btxt
_2rdacontent
337 _aBez urządzenia pośredniczącego
_bn
_2rdamedia
338 _aWolumin
_bnc
_2rdacarrier
490 1 _aWydawnictwa Instytutu Śląskiego
546 _aNazwy miejscowe także w języku niemieckim.
650 7 _aNazwy geograficzne niemieckie
_zPolska
_zŚląsk, Dolny (region).
_2kaba
_938653
650 7 _aNazwy geograficzne niemieckie
_zPolska
_zŚląsk Opolski (region).
_2kaba
_938654
650 7 _aNazwy geograficzne niemieckie
_zPolska
_zŚląsk, Dolny (region).
_2kaba
_938653
650 7 _aNazwy geograficzne niemieckie
_zPolska
_zŚląsk Opolski (region).
_2kaba
_938654
651 7 _aŚląsk, Dolny (Polska ; region)
_vspisy geograficzne.
_2kaba
_938655
651 7 _aŚląsk Opolski (Polska ; region)
_vspisy geograficzne.
_2kaba
_938656
710 2 _aInstytut Śląski (Katowice ; 1934-1948).
_eWydawca
_4pbl
_97032
830 0 _aWydawnictwa Instytutu Śląskiego
_927551
942 _2ddc
_cBK_NM
999 _c27185
_d27185